000 01545naa a22003977a 4500
001 BR8500949
003 BR-BrBNA
005 20240918175525.0
007 ta
008 230509b bl.||||| |||| 00| 0 por d
040 _aBR-BrBNA
_bpor
_cBiblioteca Nacional de Agricultura
041 _a(Pt)
072 _aF30
_b1060
090 _aF30 BR8500949
100 1 _aTulmann Neto, A.
100 1 _aMenten, J.O.M.
100 1 _aAndo, A.
100 1 _aPompeu Junior, J.
100 1 _aTeofilo Sobrinho, J.
100 1 _aPrada, W.
100 1 _aDragone, P.
111 1 _a7. Congresso Brasileiro de Fruticultura
_cFlorianopolis, SC (Brazil)
_d26-30 Sep 1983
245 1 _aO metodo de decapitacao e irradiacao de plantulas na inducao de mutacao em citros [laranja, Citrus sinensis, genetica vegetal]
246 1 _aThe method of decapitation and irradiation of seedlings for the induction of mutation in citrus [orange, Citrus sinensis, plant genetics]
246 1 _a[Proceedings of the 7. Brazilian Congress on Fruit Crops]
260 3 _aFlorianopolis, SC (Brasil):
_c1984.
500 _aAnais do 7. Congresso Brasileiro de Fruticultura Florianopolis, SC (Brasil): 1984. v. 1 p. 382-393 (BR8500949-AM)F30
650 _aLARANJA
650 _aVARIEDADE
650 _aPLANTULA
650 _aMUTACAO INDUZIDA
650 _aIRRADIACAO
773 0 _tAnais do 7. Congresso Brasileiro de Fruticultura
_wF30 BR8500949
_gFlorianopolis, SC (Brasil), 1984. v. 1 p. 382-393
909 _a202404
_bLucia
_c55
_dLucia Elande
942 _cAM
_2AGRIS
999 _c317116
_d317116